000 00681nam a2200253 4500
003 OSt
005 20260601193838.0
008 260508b2020 |||o|||| |||| 001 0 eng d
020 _a9781838661533
040 _aICI
_bspa
_cICI
050 _aNK1535.R36
_bK54 2020
100 1 _aKlemp, Klau
245 1 _aDieter Rams:
_bThe complete works
264 _bPhaidon
_c2020
_aLondres
300 _a343 páginas
336 _atexto
_2rdacontent
337 _asin medio
_2rdamedia
338 _avolumen
_2rdacarrier
500 _aGui Bonsiepe [Pag. 219}
650 _aDiseño industrial
650 _aDiseñadores industriales
650 _aEstética industrial
942 _2lcc
_cB
_n1
999 _c21323
_d21323